Normal view
MARC view
Entry Uniform Title
001 - CONTROL NUMBER
- control field: 48798
003 - CONTROL NUMBER IDENTIFIER
- control field: dpl
005 - DATE AND TIME OF LATEST TRANSACTION
- control field: 20120611104746.0
008 - FIXED-LENGTH DATA ELEMENTS
- fixed length control field: 120611|||a|||||| | ||| d
040 ## - CATALOGING SOURCE
- Original cataloging agency: dpl
- Transcribing agency: dpl
130 ## - HEADING--UNIFORM TITLE
- Uniform title:
670 ## - SOURCE DATA FOUND
- Source citation: Work cat.: (dpl): लक्ष्मीनारायण 48797, प्राकृतिक चिकित्सा /, 2000
670 ## - SOURCE DATA FOUND
- Source citation: Work cat.: (dpl): लक्ष्मीनारायण 48797, प्राकृतिक चिकित्सा /, 2000
